00209nam a22000737a 4500020001800000082001300018245005900031260004500090 a9780062643629 aEJF BOYC aSputnik's Guide to life on earthcBoyce,Frank Cottrell aNew YorkbHarperCollins Publishersc2016